Fund managers bearish as sentiment turns negative (Record no. 82751)

MARC details
000 -LEADER
fixed length control field 01025cab a22002055a 4500
001 - CONTROL NUMBER
control field L151290
008 - FIXED-LENGTH DATA ELEMENTS--GENERAL INFORMATION
fixed length control field 101014e20101001xxk 000 0 eng d
035 ## - SYSTEM CONTROL NUMBER
System control number (Sirsi) u151290
041 0# - LANGUAGE CODE
Language code of text/sound track or separate title eng
100 1# - MAIN ENTRY--PERSONAL NAME
Personal name Whitmore, James
245 00 - TITLE STATEMENT
Title Fund managers bearish as sentiment turns negative
260 ## - PUBLICATION, DISTRIBUTION, ETC.
Date of publication, distribution, etc. 2010
490 #0 - SERIES STATEMENT
Series statement Property Week
Volume/sequential designation 76 (39) 1 October 2010, 23-24(2)
520 ## - SUMMARY, ETC.
Summary, etc. Lloyds Banking Group's fifth quarterly Commercial Property Confidence Monitor shows confidence in the UK commercial property market plummeting with a third of UK property professionals surveyed believing that the market will slowdown in the next three to six months. The net confidence position is -14% down from +22% in July and +33% three months earlier. The greatest drop in confidence was among fund managers.
590 ## - LOCAL NOTE (RLIN)
Local note KA
651 #4 - SUBJECT ADDED ENTRY--GEOGRAPHIC NAME
Geographic name United Kingdom
Chronological subdivision
690 ## - LOCAL SUBJECT ADDED ENTRY--TOPICAL TERM (OCLC, RLIN)
Topical term or geographic name as entry element PROPERTY-COMMERCIAL PROPERTY-COMMERCIAL PROPERTY MARKET
690 ## - LOCAL SUBJECT ADDED ENTRY--TOPICAL TERM (OCLC, RLIN)
Topical term or geographic name as entry element PROPERTY-COMMERCIAL PROPERTY-COMMERCIAL PROPERTY FINANCE AND INVESTMENT
942 ## - ADDED ENTRY ELEMENTS (KOHA)
Suppress in OPAC 0
Holdings
Withdrawn status Lost status Source of classification or shelving scheme Damaged status Not for loan Home library Current library Shelving location Date acquired Total Checkouts Full call number Barcode Date last seen Copy number Price effective from Koha item type
    Dewey Decimal Classification     London London Journal article 14/10/2010   L151290 151290-1001 06/08/2019 1 06/08/2019 Journal article